BSOP header

Serving the people of God : (Record no. 5109)

MARC details
000 -LEADER
fixed length control field 00710nam a2200193 4500
008 - FIXED-LENGTH DATA ELEMENTS--GENERAL INFORMATION
fixed length control field 011128s1998 enk engYA
020 ## - INTERNATIONAL STANDARD BOOK NUMBER
International Standard Book Number 0853649049
090 ## - LOCALLY ASSIGNED LC-TYPE CALL NUMBER (OCLC); LOCAL CALL NUMBER (OCLC)
Classification number (OCLC) (R) ; Classification number, CALL (RLIN) (NR) BT80
Local cutter number (OCLC) ; Book number/undivided call number, CALL (RLIN) P12c
100 1# - MAIN ENTRY--PERSONAL NAME
Personal name Packer, James I.
245 10 - TITLE STATEMENT
Title Serving the people of God :
Remainder of title collected shorter writings of J. I. Packer /
Statement of responsibility, etc James I. Packer.
260 ## - PUBLICATION, DISTRIBUTION, ETC. (IMPRINT)
Place of publication, distribution, etc Carlisle :
Name of publisher, distributor, etc Paternoster,
Date of publication, distribution, etc c1998.
300 ## - PHYSICAL DESCRIPTION
Extent vi, 392 p.
505 0# - FORMATTED CONTENTS NOTE
Formatted contents note Vol. II
600 14 - SUBJECT ADDED ENTRY--PERSONAL NAME
Personal name Packer, James I. (James Innell), 1926-
General subdivision Collected works.
650 #4 - SUBJECT ADDED ENTRY--TOPICAL TERM
Topical term or geographic name as entry element Evangelicalism
General subdivision Addresses, essays, lectures.
650 #4 - SUBJECT ADDED ENTRY--TOPICAL TERM
Topical term or geographic name as entry element Theology, Doctrinal
Chronological subdivision 20th century
General subdivision Collected works.
951 ## - EQUIVALENCE OR CROSS-REFERENCE-GEOGRAPHIC NAME/AREA NAME [OBSOLETE] [CAN/MARC only]
General subdivision 00005835
951 ## - EQUIVALENCE OR CROSS-REFERENCE-GEOGRAPHIC NAME/AREA NAME [OBSOLETE] [CAN/MARC only]
-- 21717
-- BT80/P12c-II
-- 070613111022437
-- 2000-12-21
-- GC
Holdings
Withdrawn status Lost status Damaged status Not for loan Home library Current library Shelving location Date acquired Accession number Shelving control number Total Checkouts Full call number Barcode Date last seen Price effective from Koha item type
        BSOP Library BSOP Library GC 12/21/2000 21717 127   BT80/P12c-II 00005835 02/23/2013 02/23/2013 Books
BSOP

Biblical Seminary of the Philippines
  All rights Reserved
  © 2024

CONTACT INFORMATION

Biblical Seminary of the Philippines,
  77-B Karuhatan Road, Valenzuela City,
  PHILIPPINES 1441
  Phone: +632 8292-6795 / 8292-6798
  Fax : +632 8292-6675
  Email: library@bsop.edu.ph